000
00225nam a2200085Ia 4500
008
170620s9999 xx 000 0 und d
100
_a
Ediger- Marlow
245
0
_a
Curriculum Organization
260
_b
New Delhi- Discovery Publishing House
260
_c
2005
999
_c
24242
_d
24242